Prueba de Trinidad y Tobago - Estadísticas

Estadísticas generales
  • Esta prueba ha sido intentada 750 veces
  • La puntuación promedio es 9 de 16
Estadísticas de respuestas
Pista Respuesta % Correcto
Idioma oficial Inglés
99%
Mar limítrofe Mar Caribe
96%
El país más cercano Venezuela
91%
Grupo de islas del que Trinidad y Tobago forma parte {Antillas} Menores
89%
El primer europeo en desembarcar en la isla de Trinidad Cristobal Colón
85%
Capital Puerto España
82%
Moneda de Trinidad y Tobago Dólar
81%
La ciudad mítica que Sir Walter Raleigh buscaba cuando desembarcó en Trinidad en 1595 El Dorado
47%
La celebración se llevó a cabo durante dos días antes del Miércoles de Ceniza Carnaval
46%
Exportación más importante Gas Natural
46%
La rapera que grabó "Starships" y "Super Bass" Nicki Minaj
44%
147.000 personas de este país fueron traídas a Trinidad como sirvientes contratados desde 1845-1917 India
38%
La ciudad más grande en Tobago, comienza con S {Scar}borough
21%
Actividad que descubre "lo bajo que puedes llegar" Limbo
16%
El municipio más poblado {Chag}uanas
15%
El jugador de cricket que tiene el único siglo cuádruple en la historia del cricket Brian Lara
11%
No se encontraron pruebas coincidentes
Distribución de puntuación
Porcentaje de gente con cada puntuación
Porcentaje por número respondido
Historial de tus puntuaciones
No has intentado esta prueba.